LEADER 01186nas 2200433-a 450 001 9910684588303321 005 20230222213018.0 035 $a(OCoLC)60638312 035 $a(CKB)110978966549208 035 $a(CONSER)--2013247539 035 $a(EXLCZ)99110978966549208 100 $a20050615a19689999 s-- - 101 0 $aeng 135 $aurun||||||||| 181 $ctxt$2rdacontent 182 $cc$2rdamedia 183 $acr$2rdacarrier 200 14$aThe Opera journal 210 $aUniversity, Miss. $cNational Opera Association 215 $a1 online resource 300 $aRefereed/Peer-reviewed 300 $aPlace of publication varies. 311 $a0030-3585 531 $aOPERA JOURNAL 606 $aOpera$zUnited States$vPeriodicals 606 $aOpera$2fast$3(OCoLC)fst01046145 606 $aOper$2swd 606 $aZeitschrift$2swd 607 $aUnited States$2fast 608 $aPeriodicals.$2fast 615 0$aOpera 615 7$aOpera. 615 07$aOper. 615 07$aZeitschrift. 712 02$aNational Opera Association. 906 $aJOURNAL 912 $a9910684588303321 996 $aThe Opera journal$92089083 997 $aUNINA LEADER 03073nam 2200625 450 001 9910132249803321 005 20180731044126.0 010 $a2-87558-190-2 010 $a2-87463-591-X 035 $a(CKB)3710000000057755 035 $a(EBL)3137502 035 $a(SSID)ssj0001155005 035 $a(PQKBManifestationID)11654434 035 $a(PQKBTitleCode)TC0001155005 035 $a(PQKBWorkID)11176940 035 $a(PQKB)10062145 035 $a(MiAaPQ)EBC3137502 035 $a(FrMaCLE)OB-pucl-1142 035 $a(oapen)https://directory.doabooks.org/handle/20.500.12854/44011 035 $a(PPN)182839605 035 $a(EXLCZ)993710000000057755 100 $a20131115d2010 uy 0 101 0 $afre 135 $aur|n|---||||| 181 $ctxt 182 $cc 183 $acr 200 00$aContredire l'entreprise $eActes du colloque de Louvain-la-Neuve, 23 octobre 2009 /$fd?it ?par Andrea Catellani, Thierry Libaert et Jean-Marie Pierlot ; couverture, Marie-Hl?n?e Grg?oire 210 $cPresses universitaires de Louvain$d2010 210 1$aLouvain-la-Neuve, Belgium :$cPresses universitaires de Louvain,$d2010. 210 4$d©2010 215 $a1 online resource (164 p.) 300 $aDescription based upon print version of record. 311 $a2-87463-214-7 320 $aIncludes bibliographical references. 330 $aContredire l?entreprise, c?est produire un discours critique qui dit quelque chose de l?entreprise - mais quelque chose qu?elle ne maîtrise pas. C?est donc s?inscrire à rebours du discours autorisé, égratigner le côté lisse de cette communication aujourd?hui sujette à la contestation et à la méfiance des publics liés à l?entreprise : travailleurs, consommateurs, associations, partenaires sociaux, pouvoirs publics. En prenant le contrepied du thème d?un colloque précédent (« Dire l?entreprise », 1990), les organisateurs de la journée d?hommage au Pr Axel Gryspeerdt ont paradoxalement illustré la continuité des interrogations qui travaillent les discours de et sur l?entreprise. En faisant la part belle aux praticiens de la communication, à la diversité des sujets et à leur dimension internationale, les éditeurs offrent ici un panorama à la fois cohérent et contrasté de ce thème d?actualité et d?avenir. 606 $aCommunication in organizations$vCongresses 610 $acontestation 610 $aentreprise 610 $acommunication d?entreprise 610 $agreenwashing 615 0$aCommunication in organizations 676 $a658.45082 700 $aAndrea Catellani$b Thierry Libaert, Jean-Marie Pierlot (dir.)$4auth$01356485 701 $aCatellani$b Andrea$0964275 701 $aLibaert$b Thierry$0964276 701 $aPierlot$b Jean-Marie$0964277 701 $aGre?goire$b Marie-He?le?ne$0852269 801 0$bMiAaPQ 801 1$bMiAaPQ 801 2$bMiAaPQ 906 $aBOOK 912 $a9910132249803321 996 $aContredire l'entreprise$93361064 997 $aUNINA